书目信息 |
| 题名: |
3岁前,好妈妈一定要懂的育儿心理
|
|
| 作者: | 木紫 编著 | |
| 分册: | ||
| 出版信息: | 北京 中国妇女出版社 2016.02 |
|
| 页数: | 228页 | |
| 开本: | 24cm | |
| 丛书名: | ||
| 单 册: | ||
| 中图分类: | B844.11 | |
| 科图分类: | ||
| 主题词: | 婴幼儿心理学 | |
| 电子资源: | ||
| ISBN: | 978-7-5127-1224-9 | |
| 000 | 00864nam0 2200241 450 | |
| 001 | 0120151654117 | |
| 005 | 20160512144341.98 | |
| 010 | @a978-7-5127-1224-9@dCNY29.80 | |
| 100 | @a20160114d2016 em y0chiy50 ea | |
| 101 | 0 | @achi |
| 102 | @aCN@b110000 | |
| 105 | @ay z 000yy | |
| 106 | @ar | |
| 200 | 1 | @a3岁前,好妈妈一定要懂的育儿心理@93 sui qian , hao ma ma yi ding yao dong de yu er xin li@f木紫编著 |
| 210 | @a北京@c中国妇女出版社@d2016.02 | |
| 215 | @a228页@d24cm | |
| 330 | @a本书着眼点在家长容易忽略、不够重视而对宝宝成长有很关键的心理方面,帮助家长了解0-3岁宝宝的心理特点,从而科学养育。主要内容包括:人生从这里起航:安全感;关键期,接纳宝宝的成长方式等八章。 | |
| 333 | @a家庭父母 | |
| 606 | 0 | @a婴幼儿心理学 |
| 690 | @aB844.11@v5 | |
| 701 | 0 | @a木紫@9mu zi@4编著 |
| 801 | 0 | @aCN@b人天书店@c20160114 |
| 905 | @b876076-81@dB844.11@e1310@f6 | |
| 3岁前,好妈妈一定要懂的育儿心理/木紫编著.-北京:中国妇女出版社,2016.02 |
| 228页;24cm |
| 使用对象:家庭父母 |
| ISBN 978-7-5127-1224-9:CNY29.80 |
| 本书着眼点在家长容易忽略、不够重视而对宝宝成长有很关键的心理方面,帮助家长了解0-3岁宝宝的心理特点,从而科学养育。主要内容包括:人生从这里起航:安全感;关键期,接纳宝宝的成长方式等八章。 |
| ● |
| 相关链接 |
|
|
|
|
正题名:3岁前,好妈妈一定要懂的育儿心理
索取号:B844.11/1310
 
预约/预借
| 序号 | 登录号 | 条形码 | 馆藏地/架位号 | 状态 | 备注 |
| 1 | 876076 | 208760768 | 第一样本阅览室/ [索取号:B844.11/1310] | 在馆 | |
| 2 | 876077 | 208760777 | 教育系资料室/ [索取号:B844.11/1310] | 在馆 | |
| 3 | 876078 | 208760786 | 教育系资料室/ [索取号:B844.11/1310] | 在馆 | |
| 4 | 876079 | 208760795 | 教育系资料室/ [索取号:B844.11/1310] | 在馆 | |
| 5 | 876080 | 208760802 | 第一借阅区/ [索取号:B844.11/1310] | 在馆 | |
| 6 | 876081 | 208760811 | 第一借阅区/ [索取号:B844.11/1310] | 在馆 |